| 000 | 00840nam a22002297a 4500 | ||
|---|---|---|---|
| 001 | BD-DhSAU 5687 | ||
| 003 | BD-DhSAU | ||
| 005 | 20150418121742.0 | ||
| 008 | 150418b1995 bg a|||| |||| 00| 0 eng d | ||
| 040 | _aBD-DhSAU | ||
| 082 |
_222 _a338.1750202 _bHOT |
||
| 100 | _aHoque, M. Mafizul | ||
| 245 |
_aWinter vegetables and spices production / _cM. Mafizul Hoque, Bangladesh Agricultural development Corporation |
||
| 260 |
_aDhaka, Bangladesh : _bBangladesh Agricultural development Corporation , _cc1995. |
||
| 300 |
_avi, 284 p. : _bill. ; _c29 cm. |
||
| 440 | _aTraining Manual | ||
| 590 | _aJerin | ||
| 650 | _avegetables | ||
| 650 | _aspices production | ||
| 710 | _aDepartment of agricultural extension, Bangladesh Agricultural development Corporation | ||
| 711 | _aHorticulture research and development project, FAO/UNDP/AsDB | ||
| 942 |
_2ddc _cBOOK |
||
| 999 |
_c5687 _d5687 |
||